00751nam a2200193 a 450000100100000000500170001000800410002702000150006804000250008310000280010824501070013626000720024330000280031549000390034350400320038250400730041470000310048783000390051800004168520201002035713.0131015s1996 sp 000 0 spa d a8487111793 aDO-SdBNPbspacBNPHU1 aMaldonado Polo, J. Luis10aFlora de Guatemala de José Mociño /cJ. Luis Maldonado Polo : prólogo Raquel Álvarez Pelaéz. aMadrid :bConsejo Superior de Investigaciones Científicas,c1996. a363 p. :bil. ;c26 cm.1 aTheatrum naturaeahistoria natural aBibliografía : p. 357-359 aIncluye referencias bibliográficas y notas al pie de las páginas1 aÁlvarez Pelaéz, Raquel 0aTheatrum naturaephistoria natural